El hereje y el cortesano: Spinoza, Leibniz y el destino de Dios en el mundo moderno

Gespeichert in:
Bibliographische Detailangaben
1. Verfasser: Stewart, Matthew (VerfasserIn)
Format: Buch
Sprache:Spanisch
Veröffentlicht: Buridán 2006
Schlagworte:
Tags: Tag hinzufügen
Keine Tags, Fügen Sie den ersten Tag hinzu!

MARC

LEADER 00000cam a2200000 a 4500
001 UCF1844
003 CL-VaPUC
008 120727e20060000SP |||||||||||||||||spa|d
020 |a 9788496831193 
082 0 4 |a 921  |b STE  |2 21 
100 0 |a Stewart, Matthew  |e author  |9 563357 
245 1 3 |a El hereje y el cortesano: Spinoza, Leibniz y el destino de Dios en el mundo moderno 
300 |a 347 p 
942 |c BK 
945 |d 20120727 00:00:00  |a dcastane 
260 |b Buridán  |c 2006 
650 0 |a Biografías  |9 255210 
650 0 |a Filósofos   |9 269126 
583 |a last modification  |c 20120727 13:37:00  |k Rodrigo Vera 
999 |c 348532  |d 348530 
952 |0 0  |1 0  |4 0  |6 921_000000000000000_STE_2006  |7 0  |8 A  |9 450580  |a BIBING  |b BIBING  |d 2019-11-22  |i 4873750  |o 921 STE 2006  |p 4873750  |r 2025-01-20  |w 2019-11-22  |y BK  |k CUI